000 00597nam a2200181 i 4500
001 73195
003 ES-MaACL
007 t|
008 040907s1980 sp ||||1| spa d
100 1 _aGómez Sánchez, Florentino.
_958152
245 1 0 _aBiografía de la Universidad de Toledo /
_cFlorentino Gómez Sánchez.
260 _aToledo :
_bInstituto Provincial de Investigaciones y Estudios Toledanos,
_c1980.
300 _a57 p. :
_bil. ;
_c21 cm.
490 1 _aTemas Toledanos ;
_v4
830 0 _aTemas Toledanos ;
_v4
_9181269
852 _aES-MaACL
_jL-6394
_bR.106671
999 _c73195
_d73195